Statystyki dla Najpopularniejsze marki odzieżowe na świecie

Kliknij tutaj aby rozwiązać quiz!

Ogólne statystyki

  • Ten quiz został rozwiązany 178 razy
  • Średni wynik to 3 z 10

Statystyki odpowiedzi

L.p.Marka% Poprawnych
5.Adidas
81%
4.Nike
81%
2.Zara
50%
7.H&M
45%
1.Shein
18%
10.Dior
13%
3.Zalando
13%
8.Uniqlo
4%
9.Asos
3%
6.Macy's
1%

Rozkład punktacji

Percentyl według liczby udzielonych odpowiedzi

Procent ludzi z każdym wynikiem

Twoja historia wyników

Nie rozwiązałeś tego quizu